Airport Codes - Statistics

General Stats
  • This quiz has been taken 30 times
    15 since last reset
  • The average score is 97 of 343
Answer Stats
State City Answer % Correct
New York John F. Kennedy JFK
83%
New York LaGuardia LGA
83%
New York Rochester ROC
83%
Washington Seattle SEA
83%
Georgia Atlanta ATL
67%
New York Buffalo BUF
67%
North Carolina Charlotte CLT
67%
District of Columbia Wash/reagan Natl DCA
67%
Colorado Denver DEN
67%
Texas Dallas DFW
67%
Michigan Detroit DTW
67%
Pennsylvania Erie ERI
67%
New Jersey Newark EWR
67%
Florida Ft. Lauderdale FLL
67%
Michigan Grand Rapids GRR
67%
District of Columbia Wash/Dulles Intl IAD
67%
Indiana Indianapolis IND
67%
Florida Jacksonville JAX
67%
California Los Angeles LAX
67%
Florida Orlando MCO
67%
Illinois Chicago Midway MDW
67%
Mexico Mexico City MEX
67%
Florida Miami MIA
67%
Minnesota Minneapolis MSP
67%
Illinois Chicago O'Hare ORD
67%
Arizona Phoenix PHX
67%
Pennsylvania Pittsburgh PIT
67%
California San Francisco SFO
67%
Utah Salt Lake City SLC
67%
New York Syracuse SYR
67%
New Mexico Albuquerque ABQ
50%
New York Albany ALB
50%
Texas Austin AUS
50%
Alabama Birmingham BHM
50%
Tennessee Nashville BNA
50%
Massachusetts Boston BOS
50%
South Carolina Charleston CHS
50%
Ohio Cleveland CLE
50%
Texas Dallas/Love Field DAL
50%
Ohio Dayton DAY
50%
Washington Spokane GEG
50%
Nevada Las Vegas LAS
50%
Kentucky Lexington LEX
50%
Tennessee Memphis MEM
50%
Alabama Mobile MOB
50%
California Oakland OAK
50%
Oklahoma Oklahoma City OKC
50%
California Ontario ONT
50%
Oregon Portland PDX
50%
Pennsylvania Philadelphia PHL
50%
Rhode Island Providence PVD
50%
South Dakota Rapid City RAP
50%
North Carolina Raleigh-Durham RDU
50%
California San Diego SAN
50%
Missouri Saint Louis STL
50%
Canada Ottawa YOW
50%
Canada Quebec City YQB
50%
Canada Montreal YUL
50%
Canada Vancouver YVR
50%
Canada Toronto YYZ
50%
Louisiana Alexandria AEX
33%
Texas Amarillo AMA
33%
Connecticut Hartford BDL
33%
Maine Bangor BGR
33%
Montana Billings BIL
33%
North Dakota Bismarck BIS
33%
Idaho Boise BOI
33%
Georgia Brunswick BQK
33%
Montana Butte BTM
33%
Louisiana Baton Rouge BTR
33%
California Burbank BUR
33%
Maryland Baltimore BWI
33%
Montana Bozeman BZN
33%
Utah Cedar City CDC
33%
Tennessee Chattanooga CHA
33%
Iowa Cedar Rapids CID
33%
Ohio Columbus CMH
33%
Wyoming Cody COD
33%
Colorado Colorado Springs COS
33%
Wyoming Casper CPR
33%
Texas Corpus Christi CRP
33%
Ohio Cincinnati CVG
33%
Minnesota Duluth DLH
33%
Iowa Des Moines DSM
33%
Colorado Eagle EGE
33%
Nevada Elko EKO
33%
Texas El Paso ELP
33%
Oregon Eugene EUG
33%
Alaska Fairbanks FAI
33%
North Dakota Fargo FAR
33%
California Fresno FAT
33%
Montana Kalispell FCA
33%
Arizona Flagstaff FLG
33%
Michigan Flint FNT
33%
South Dakota Sioux Falls FSD
33%
Mexico Guadalajara GDL
33%
Colorado Grand Junction GJT
33%
Mississippi Gulfport-Biloxi GPT
33%
North Carolina Greensboro GSO
33%
South Carolina Greenville/Spartanburg GSP
33%
Montana Great Falls GTF
33%
Montana Helena HLN
33%
Texas Houston/Hobby HOU
33%
New York White Plains HPN
33%
Alabama Huntsville HSV
33%
Kansas Wichita ICT
33%
Idaho Idaho Falls IDA
33%
Wyoming Jackson Hole JAC
33%
Mississippi Jackson JAN
33%
Alaska Juneau JNU
33%
Alaska Ketchikan KTN
33%
Michigan Lansing LAN
33%
Oklahoma Lawton LAW
33%
Texas Lubbock LBB
33%
Louisiana Lafayette LFT
33%
California Long Beach LGB
33%
Arkansas Little Rock LIT
33%
Idaho Lewiston LWS
33%
Alabama Montgomery MGM
33%
Wisconsin Milwaukee MKE
33%
California Monerey MRY
33%
Mexico Monterrey MTY
33%
South Carolina Myrtle Beach MYR
33%
Mexico Mazatlan MZT
33%
Bahamas Nassau NAS
33%
Nebraska Omaha OMA
33%
Virginia Norfolk ORF
33%
Florida Palm Beach PBI
33%
Florida Pensacola PNS
33%
Washington Pasco PSC
33%
California Palm Springs PSP
33%
Mexico Puerto Vallarta PVR
33%
Maine Portland PWM
33%
California Redding RDD
33%
Virginia Richmond RIC
33%
Nevada Reno RNO
33%
Virginia Roanoke ROA
33%
Florida Ft.Meyers RSW
33%
Texas San Antonio SAT
33%
Georgia Savannah SAV
33%
California Santa Barbara SBA
33%
Indiana South Bend SBN
33%
California San Luis Obispo SBP
33%
Utah Saint George SGU
33%
Louisiana Shreveport SHV
33%
Alaska Sitka SIT
33%
California San Jose SJC
33%
California Sacramento SMF
33%
California Orange County SNA
33%
Idaho Sun Valley SUN
33%
Florida Tallahassee TLH
33%
Ohio Toledo TOL
33%
Florida Tampa TPA
33%
Oklahoma Tulsa TUL
33%
Arizona Tucson TUS
33%
Idaho Twin Falls TWF
33%
Texas Ttyler TYR
33%
Tennessee Knoxville TYS
33%
Arkansas Northwest XNA
33%
Canada Edmonton YEG
33%
Canada Calgary YYC
33%
Canada Victoria YYJ
33%
Mexico Zihuatanejo ZIH
33%
Mexico Manzanillo ZLO
33%
Pennsylvania Allentown ABE
17%
Texas Abilene ABI
17%
South Dakota Aberdeen ABR
17%
Georgia Albany ABY
17%
Massachusetts Nantucket ACK
17%
Texas Waco ACT
17%
California Arcata ACV
17%
Georgia Augusta AGS
17%
Mexico Aguascalientes AGU
17%
Iowa Waterloo ALO
17%
Colorado Alamosa ALS
17%
Washington Walla Walla ALW
17%
Michigan Alpena APN
17%
Colorado Aspen ASE
17%
Wisconsin Appleton ATW
17%
North Carolina Asheville AVL
17%
Michigan Kallamazoo AZO
17%
Nebraska Scottsbluff BFF
17%
California Bakersfield BFL
17%
California Bishop BIH
17%
Minnesota Bemidji BJI
17%
Mexico Leon BJX
17%
Washington Bellingham BLI
17%
Illinois Bloomington BMI
17%
Minnesota Brainerd BRD
17%
Texas Brownsville BRO
17%
Vermont Burlington BTV
17%
Ohio Akron CAK
17%
Missouri Cape Girardeau CGI
17%
Virginia Charlottesville CHO
17%
Michigan Chippewa County CIU
17%
West Virginia Clarksburg CKB
17%
Texas College Station CLL
17%
Missouri Columbia COU
17%
West Virginia Charleston CRW
17%
Georgia Columbus CSG
17%
Mexico Culiacan CUL
17%
Mexico Chihuahua CUU
17%
Wyoming Cheyenne CYS
17%
Kansas Dodge City DDC
17%
Illinois Decatur DEC
17%
Alabama Dothan DHN
17%
North Dakota Dickinson DIK
17%
Colorado Durango DRO
17%
Texas Del Rio DRT
17%
North Dakota Devil's Lake DVL
17%
Nebraska Kearney EAR
17%
Wisconsin Eau Claire EAU
17%
Florida Panama City ECP
17%
New York Elmira ELM
17%
Michigan Escanaba ESC
17%
Indiana Evansville EVV
17%
North Carolina New Bern EWN
17%
North Carolina Fayetteville FAY
17%
Iowa Fort Dodge FOD
17%
Arkansas Fortsmith FSM
17%
Indiana Fort Wayne FWA
17%
Wyoming Gillette GCC
17%
Kansas Garden City GCK
17%
North Dakota Grand Forks GFK
17%
Texas Longview GGG
17%
Wisconsin Green Bay GRB
17%
Nebraska Grand Island GRI
17%
Colorado Gunnison GUC
17%
Colorado Hayden HDN
17%
Minnesota Hibbing HIB
17%
Mexico Hermosillo Hmo
17%
New Mexico Hobbs HOB
17%
Texas Harlingen HRL
17%
Kansas Hays HYS
17%
Texas Houston IAH
17%
Arizona Bullhead City IFP
17%
North Carolina Wilmington ILM
17%
Michigan Iron Mountain IMT
17%
Minnesota International Falls INL
17%
New York Ithaca ITH
17%
Missouri Joplin JLN
17%
North Dakota Jamestown JMS
17%
Pennsylvania Johnstown JST
17%
Mexico La Paz LAP
17%
Wyoming Laramie LAR
17%
Kansas Liberal LBL
17%
Louisiana Lake Charles LCH
17%
Nebraska Lincoln LNK
17%
Texas Laredo LRD
17%
Wisconsin La Crosse LSE
17%
Mexico Loreto LTO
17%
West Virginia Lewisburg LWB
17%
Texas Midland MAF
17%
Michigan Saginaw MBS
17%
Missouri Kansas City MCI
17%
Iowa Mason City MCW
17%
Pennsylvania Harrisburg MDT
17%
Mississippi Meridian MEI
17%
Oregon Medford MFR
17%
Kansas Manhattan MHK
17%
New Hampshire Manchester MHT
17%
Michigan Muskegon MKG
17%
Illinois Moline MLI
17%
California Mammoth Lakes MMH
17%
North Dakota Minot MOT
17%
Michigan Marquette MQT
17%
Wisconsin Madison MSN
17%
Montana Missoula MSO
17%
Louisiana New Orleans MSY
17%
North Carolina Jacksonville OAJ
17%
Massachusetts Worcestor ORH
17%
Oregon N.Bend/Coos Bay OTH
17%
New York Plattsburgh PBG
17%
Illinois Peoria PIA
17%
Mississippi Hattiesburg PIB
17%
Idaho Pocatello PIH
17%
South Dakota Pierre PIR
17%
Michigan Pellston PLN
17%
Arizona Prescott PRC
17%
Colorado Pueblo PUB
17%
Oregon Redmond RDM
17%
Wisconsin Rhinelander RHI
17%
Wyoming Riverton RIW
17%
Wyoming Rock Springs RKS
17%
New Mexico Roswell ROW
17%
Minnesota Rochester RST
17%
New Mexico Santa Fe SAF
17%
California Stockton SCK
17%
Kentucky Louisville SDF
17%
Missouri Springfield SGF
17%
Virginia Weyers Cave SHD
17%
Wyoming Sheridan SHR
17%
Mexico Cabo San Lucas SJD
17%
Kansas Salina SLN
17%
Mexico San Luis Potosi SLP
17%
California Santa Maria SMX
17%
Illinois Springfield SPI
17%
Texas Wichita Falls SPS
17%
Florida Sarasota SRQ
17%
Minnesota St. Cloud STC
17%
California Santa Rosa STS
17%
Iowa Sioux City SUX
17%
New York Newburgh SWF
17%
Oklahoma Stillwater SWO
17%
Mexico Tijuana TIJ
17%
Tennessee Tri Cities TRI
17%
Michigan Traverse City TVC
17%
Arkansas Texarkana TXK
17%
Illinois Quincy UIN
17%
Texas Victoria VCT
17%
Utah Vernal VEL
17%
Georgia Valdosta VLD
17%
Montana W. Yellowstone WYS
17%
North Dakota Williston XWA
17%
Canada Halifax YHZ
17%
Canada Kelowna YLW
17%
Canada Regina YQR
17%
Arizona Yuma YUM
17%
Canada Winnipeg YWG
17%
Canada Saskatoon YXE
17%
Canada London YXU
17%
South Dakota Watertown ATY
0%
Pennsylvania Scranton AVP
0%
New York Binghamton BGM
0%
Texas Beaumont BPT
0%
South Carolina Columbia CAE
0%
Michigan Houghton/Hancock CMX
0%
Utah Moab CNY
0%
Wisconsin Mosinee CWA
0%
Florida Gainesville GNV
0%
Texas Killeen GRK
0%
Mississippi Columbus GTR
0%
Nebraska North Platte LBF
0%
Texas McAllen MFE
0%
Louisiana Monroe MLU
0%
Colorado Montrose MTJ
0%
New York Ogdensburg OGS
0%
Washington Everett PAE
0%
Kentucky Paducah PAH
0%
Pennsylvania State College SCE
0%
Texas San Angelo SJT
0%
Missouri Waynesville TBN
0%
Florida Ft.Walton Beach VPS
0%
No matching quizzes found
Score Distribution
Percent of People with Each Score
Percentile by Number Answered
Your Score History
You have not taken this quiz since the last reset